রাজশাহী মহানগরীর পয়ঃনিস্কাশন, স্বাস্থ্য ও পরিবেশগত অবস্থা-একটি ভৌগলিক সমীক্ষা / (Record no. 83128)
[ view plain ]
| 000 -LEADER | |
|---|---|
| fixed length control field | 01615nam a2200241 a 4500 |
| 001 - CONTROL NUMBER | |
| RUCL Control Number | 83128 |
| 003 - CONTROL NUMBER IDENTIFIER | |
| rucl marc code | BD-RjUL |
| 005 - DATE AND TIME OF LATEST TRANSACTION | |
| control field | 20240220160217.0 |
| 008 - FIXED-LENGTH DATA ELEMENTS--GENERAL INFORMATION | |
| fixed length control field | 240220s2001 bg a|||| m||| 00| 0 ben d |
| 035 ## - SYSTEM CONTROL NUMBER | |
| system control number | (BD-RjUL)83128 |
| 040 ## - CATALOGING SOURCE | |
| Original cataloging agency | BD-RjUL |
| Language of cataloging | ben / eng |
| Transcribing agency | BD-RjUL |
| Modifying agency | BD-RjUL |
| 082 ## - DEWEY DECIMAL CLASSIFICATION NUMBER | |
| DDC Edition number | 23 |
| Classification number | 628.2 |
| Author mark and Year | KHR 2001 |
| 100 ## - MAIN ENTRY--PERSONAL NAME | |
| Personal name | খানম, ইউ. এফ. হোসেন আরা |
| 9 (RLIN) | 11842 |
| 245 10 - TITLE STATEMENT | |
| Title | রাজশাহী মহানগরীর পয়ঃনিস্কাশন, স্বাস্থ্য ও পরিবেশগত অবস্থা-একটি ভৌগলিক সমীক্ষা / |
| Statement of responsibility, etc | গবেষক ইউ. এফ. হোসেন আরা খানম ; |
| Name of Supervisor/Co-Supervisor | তত্ত্বাবধায়ক : মো. আবু হানিফ শেখ |
| 260 ## - PUBLICATION, DISTRIBUTION, ETC. (IMPRINT) | |
| Place of publication, distribution, etc | রাজশাহী : |
| Name of publisher, distributor, etc | ভূগোল ও পরিবেশ বিদ্যা বিভাগ, রাজশাহী বিশ্ববিদ্যালয়, |
| Date of publication, distribution, etc | ২০০১ |
| 300 ## - PHYSICAL DESCRIPTION | |
| Pagination | [১১], ১৪৯ পাতা : |
| Other physical details | চিত্র ; |
| Dimensions | ২৯ সেমি. |
| 502 ## - DISSERTATION NOTE | |
| Dissertation note | থিসিস (এম. ফিল.) -- ভূগোল ও পরিবেশ বিদ্যা বিভাগ, রাজশাহী বিশ্ববিদ্যালয়, ২০০১ |
| 504 ## - BIBLIOGRAPHY, ETC. NOTE | |
| Bibliography, etc | গ্রন্থপঞ্জি : পাতা ১৪৩-১৪৭ |
| 650 ## - SUBJECT ADDED ENTRY--TOPICAL TERM | |
| Topical term or geographic name as entry element | পয়ঃনিস্কাশন |
| Form subdivision | স্বাস্থ্য |
| 9 (RLIN) | 11843 |
| Topical term or geographic name as entry element | Sewerage |
| Form subdivision | Health |
| 9 (RLIN) | 11844 |
| 700 ## - ADDED ENTRY--SUPERVISOR/CO-SUPERVISOR NAME | |
| Personal name | শেখ, মো. আবু হানিফ, তত্ত্বাবধায়ক |
| 9 (RLIN) | 3010 |
| 942 ## - ADDED ENTRY ELEMENTS (KOHA) | |
| Source of classification or shelving scheme | Dewey Decimal Classification |
| Koha item type | Theses |
| Source of classification or shelving scheme | Damaged status | Not for loan | Collection code | Permanent Location | Current Location | Shelving location | Date of accession | Source of acquisition | Total Checkouts | Full call number | Barcode | Date last seen | Copy number | Thesis |
|---|---|---|---|---|---|---|---|---|---|---|---|---|---|---|
| Dewey Decimal Classification | Not For Loan | Theses | Central Library, University of Rajshahi | Central Library, University of Rajshahi | Documentation Section | 22/06/2003 | Controller of Exam. R. U. | BTHE 628.2 KHR 2001 | D2177 | 20/02/2024 | C-I | Theses |